000 00854nam a2200229 a 4500
001 000010681
005 20260212124324.0
008 091009s1986 dr a 001 0 spa d
040 _aDO-SdBNP
_bspa
_cBNPHU
082 _a616.951
_bP438e
100 1 _aPérez Martínez, Ramón Alberto
_d1955-
_925865
245 1 0 _aEnfermedades sexualmente transmitidas :
_bproblemas de salud pública enfoque clínico-epidemiológico /
_cRamón Alberto Pérez Martínez.
260 _aSanto Domingo :
_bCorripio,
_c1986.
300 _a217 p. :
_bil. ;
_c22 cm.
500 _aIncluye datos biográficos del autor en la contracubierta
500 _aIncluye notas al pie de las páginas
650 0 _aEnfermedades de transmisión sexual
_9911
650 0 _aEpidemiología
_9488
650 0 _aSalud pública
_956565
650 0 _aProblemas sociales
_99290
049 _aBNPD
999 _c10436
_d10436